Turbulence (Record no. 5373)

000 -LEADER
fixed length control field 00511nam a2200205 i 4500
001 - CONTROL NUMBER
control field 5373
003 - CONTROL NUMBER IDENTIFIER
control field BD-DhUET
008 - FIXED-LENGTH DATA ELEMENTS--GENERAL INFORMATION
fixed length control field 750220s1975 nyua b 001 0 eng
020 ## - INTERNATIONAL STANDARD BOOK NUMBER
International Standard Book Number 0070290377
040 ## - CATALOGING SOURCE
Original cataloging agency DLC
Transcribing agency DLC
Modifying agency BD-DhUET
082 00 - DEWEY DECIMAL CLASSIFICATION NUMBER
Classification number 532.56
Item number HIN/1975
100 1# - MAIN ENTRY--PERSONAL NAME
Personal name Hinze, J. O.
245 00 - TITLE STATEMENT
Title Turbulence
250 ## - EDITION STATEMENT
Edition statement 2nd ed.
260 ## - PUBLICATION, DISTRIBUTION, ETC. (IMPRINT)
Place of publication, distribution, etc. New York
Name of publisher, distributor, etc. McGraw-Hill
Date of publication, distribution, etc. 1975
300 ## - PHYSICAL DESCRIPTION
Extent x,790p.
Other physical details ill.
Dimensions 24 cm.
490 0# - SERIES STATEMENT
Series statement McGraw-Hill series in mechanical engineering
650 #0 - SUBJECT ADDED ENTRY--TOPICAL TERM
Topical term or geographic name as entry element Turbulence
942 ## - ADDED ENTRY ELEMENTS (KOHA)
Koha item type General Book
Holdings
Piece designation (barcode) Price effective from Withdrawn status Koha date last seen Sublocation or collection (holding branch) Lost status Location (home branch) Copy number Koha issues (times borrowed) Koha date last borrowed Koha full call number Not for loan Koha normalized classification for sorting Damaged status Date acquired Shelving location Koha item type Source of classification or shelving scheme
638132014-11-26 2014-11-26Central Library, BUET Central Library, BUET1  532.56/HIN/1975 532_560000000000000_HIN_1975 2014-11-26Circulation sectionGeneral Book 
638162014-11-26 2014-11-26Central Library, BUET Central Library, BUET2  532.56/HIN/1975 532_560000000000000_HIN_1975 2014-11-26Circulation sectionGeneral Book 
443342014-12-07 2014-12-07Central Library, BUET Central Library, BUET3  532.56/HIN/1975 532_560000000000000_HIN_1975 2014-12-07Circulation sectionGeneral Book 
638072014-12-07 2014-12-07Central Library, BUET Central Library, BUET4  532.56/HIN/1975 532_560000000000000_HIN_1975 2014-12-07Circulation sectionGeneral Book 
638122014-12-07 2015-03-29Central Library, BUET Central Library, BUET512015-03-25532.56/HIN/1975 532_560000000000000_HIN_1975 2014-12-07Circulation sectionGeneral Book 
638052014-12-07 2014-12-07Central Library, BUET Central Library, BUET6  532.56/HIN/1975 532_560000000000000_HIN_1975 2014-12-07Circulation sectionGeneral Book 
638102014-12-07 2014-12-07Central Library, BUET Central Library, BUET7  532.56/HIN/1975 532_560000000000000_HIN_1975 2014-12-07Circulation sectionGeneral Book 
638082014-12-07 2014-12-07Central Library, BUET Central Library, BUET8  532.56/HIN/1975 532_560000000000000_HIN_1975 2014-12-07Circulation sectionGeneral Book 
638092014-12-07 2014-12-07Central Library, BUET Central Library, BUET9  532.56/HIN/1975 532_560000000000000_HIN_1975 2014-12-07Circulation sectionGeneral Book 
638062014-12-07 2023-02-28Central Library, BUET Central Library, BUET1012022-11-14532.56/HIN/1975 532_560000000000000_HIN_1975 2014-12-07Circulation sectionGeneral Book 
638152014-12-07 2015-09-14Central Library, BUET Central Library, BUET1112015-05-26532.56/HIN/1975 532_560000000000000_HIN_1975 2014-12-07Circulation sectionGeneral Book 
391582015-03-09 2015-03-09Central Library, BUET Central Library, BUET12  532.56/HIN/1975 532_560000000000000_HIN_1975 2015-03-09Circulation sectionGeneral Book 
589682015-06-07 2015-06-07Central Library, BUET Central Library, BUET13  532.56/HIN/1975 532_560000000000000_HIN_1975 2015-06-07Reading sectionReading Item 
606532015-06-07 2015-06-07Central Library, BUET Central Library, BUET14  532.56/HIN/1975 532_560000000000000_HIN_1975 2015-06-07Reading sectionReading Item 
527292015-06-23 2015-06-23Central Library, BUET Central Library, BUET15  532.56/HIN/1975 532_560000000000000_HIN_1975 2015-06-23Reading sectionReading Item 
638112024-11-16 2024-11-27Central Library, BUET Central Library, BUET1612024-11-27532.56 HIN/1975 532_560000000000000_HIN_1975 1985-06-29Circulation sectionGeneral Book 
 2024-11-16 2024-11-16Central Library, BUET Central Library, BUET   532.56 HIN/1975 532_560000000000000_HIN_1975 2024-11-16 General Book 
391592024-11-16 2024-11-16Central Library, BUET Central Library, BUET18  532.56 HIN/1975 532_560000000000000_HIN_1975 2025-09-03Circulation sectionGeneral Book